00600nam a2200181Ia 4500008004100000020002100041040002600062082001700088100004300105245004300148250001100191260002700202942004300229952010800272999001700380003000400397005001700401241217s9999||||xx |||||||||||||| ||und|| a9780131798885c0 bengcSSK Libraryerda a658.1511/HOR a Charles T. Horngren & George Foster - 0aCost Accounting: A Managerial Emphasis a7th ed b Prentice Hallc©1991 2Dewey Decimal ClassificationcBOOKnNo 00104070aSSHQbSSHQd2024-12-17l0o658.1511/HORp10080857r2024-12-17 11:21:59t3w2024-12-17yBOOK c24858d24858OSt20241217112938.0